Online
Catalog

Santo Domingo de ayer : (Record no. 50472)

MARC details
000 -CABECERA
campo de control de longitud fija 01327nam a22002897a 4500
003 - IDENTIFICADOR DEL NÚMERO DE CONTROL
campo de control DO-SdBNP
005 - FECHA Y HORA DE LA ÚLTIMA TRANSACCIÓN
campo de control 20240228141806.0
007 - CAMPO FIJO DE DESCRIPCIÓN FÍSICA--INFORMACIÓN GENERAL
campo de control de longitud fija ta
008 - DATOS DE LONGITUD FIJA--INFORMACIÓN GENERAL
campo de control de longitud fija 210910e2009 dr ao||er|||| 001 edspa d
020 ## - NÚMERO INTERNACIONAL ESTÁNDAR DEL LIBRO
Número Internacional Estándar del Libro 9789945442465
040 ## - FUENTE DE LA CATALOGACIÓN
Centro catalogador/agencia de origen DO-SdBNP
Lengua de catalogación spa
Centro/agencia transcriptor BNPHU
082 #4 - NÚMERO DE LA CLASIFICACIÓN DECIMAL DEWEY
Número de edición 22
Número de documento/Ítem M433s
Número de clasificación 972.9375
100 1# - ENTRADA PRINCIPAL--NOMBRE DE PERSONA
Nombre de persona Matos Díaz, Eduardo
9 (RLIN) 21060
245 10 - MENCIÓN DE TÍTULO
Título Santo Domingo de ayer :
Resto del título vida, costumbres y acontecimientos /
Mención de responsabilidad, etc. Eduardo Matos Díaz.
250 ## - MENCIÓN DE EDICIÓN
Mención de edición 3a. ed.
260 ## - PUBLICACIÓN, DISTRIBUCIÓN, ETC.
Lugar de publicación, distribución, etc. Santo Domingo :
Nombre del editor, distribuidor, etc. Taller,
Fecha de publicación, distribución, etc. 2009.
300 ## - DESCRIPCIÓN FÍSICA
Extensión 258 p. :
Otras características físicas il., retrs. ;
Dimensiones 21 cm.
490 1# - MENCIÓN DE SERIE
Mención de serie Biblioteca Taller
500 ## - NOTA GENERAL
Nota general Incluye datos biográficos del autor en la contracubierta
505 0# - NOTA DE CONTENIDO CON FORMATO
Título Prólogo.--
-- La ciudad.--
-- Las casas.--
-- La escuela.--
-- Los cines y teatros.--
-- Centros sociales.--
-- La tiendas y el comercio.--
-- Los médicos.--
-- Los entierros.--
-- El carnaval y las fiestas.--
-- Pleitos y maldades.--
-- Los enamorados.--
-- Los trajes.--
-- La policía.--
-- Acontecimientos de la época.--
-- Revistas y periódicos.--
-- Los juegos.
590 ## - NOTA LOCAL (RLIN)
Nota local Inventariado 2021 / MF
651 #4 - PUNTO DE ACCESO ADICIONAL DE MATERIA--NOMBRE GEOGRÁFICO
Nombre geográfico Santo Domingo (República Dominicana)
Subdivisión general Vida social y costumbres
9 (RLIN) 1895
651 #4 - PUNTO DE ACCESO ADICIONAL DE MATERIA--NOMBRE GEOGRÁFICO
Nombre geográfico Santo Domingo (República Dominicana)
Subdivisión general Historia local
9 (RLIN) 1894
830 #0 - PUNTO DE ACCESO ADICIONAL DE SERIE-TÍTULO UNIFORME
Título uniforme Biblioteca Taller
9 (RLIN) 164
910 ## - DATOS DE OPCIÓN DEL USUARIO (OCLC)
Datos de opción del usuario Validado. Control de calidad MFF
942 ## - ELEMENTOS DE PUNTO DE ACCESO ADICIONAL (KOHA)
Fuente del sistema de clasificación o colocación Dewey Decimal Classification
Tipo de ítem Koha Libro
Holdings
Estado de retiro Estado de pérdida Fuente del sistema de clasificación o colocación Restricciones de uso No para préstamo Código de colección Localización permanente Ubicación/localización actual Ubicación en estantería Fecha de adquisición Fuente de adquisición Total de préstamos Signatura topográfica completa Código de barras Fecha visto por última vez Precio válido a partir de Tipo de ítem Koha Nota pública Número de copia
    Dewey Decimal Classification Excluido de préstamo   Patrimonio Dominicano Biblioteca Nacional Pedro Henríquez Ureña Biblioteca Nacional Pedro Henríquez Ureña Depósito 19.08.2019 Compra   BNPHU PD 972.9375 M433s 2021-26343 10.09.2021 10.09.2021 Libro S/A  
    Dewey Decimal Classification Excluido de préstamo   Patrimonio Dominicano Biblioteca Nacional Pedro Henríquez Ureña Biblioteca Nacional Pedro Henríquez Ureña Depósito 19.08.2019 Compra   BNPHU PD 972.9375 M433s 2021-26344 10.09.2021 10.09.2021 Libro S/A e.2
    Dewey Decimal Classification Préstamo en sala   Dominicana de Servicio Biblioteca Nacional Pedro Henríquez Ureña Biblioteca Nacional Pedro Henríquez Ureña Depósito 19.08.2019 Compra   BNPHU DS 972.9375 M433s 2021-26345 10.09.2021 10.09.2021 Libro S/A e.3

Powered by Koha